书目信息 |
| 题名: |
家装风水宜忌
|
|
| 作者: | 巨天中 编著 | |
| 分册: | ||
| 出版信息: | 北京 中国建材工业出版社 2006.09 |
|
| 页数: | 315页 | |
| 开本: | 21cm | |
| 丛书名: | ||
| 单 册: | ||
| 中图分类: | TU767 | |
| 科图分类: | ||
| 主题词: | 住宅--zhu zhai--室内装饰--风水--中国 | |
| 电子资源: | ||
| ISBN: | 978-7-80159-928-5 | |
| 000 | 00796nam0 2200229 450 | |
| 001 | 012008040187 | |
| 005 | 20080229151923.20 | |
| 010 | @a978-7-80159-928-5@dCNY22.00 | |
| 100 | @a20080229d2006 em y0chiy0120 ea | |
| 101 | 0 | @achi |
| 102 | @aCN@b110000 | |
| 105 | @aa z 000yy | |
| 106 | @ar | |
| 200 | 1 | @a家装风水宜忌@Ajia zhuang feng shui yi ji@f巨天中编著@Fju tian zhong bian zhu |
| 210 | @a北京@c中国建材工业出版社@d2006.09 | |
| 215 | @a315页@c图@d21cm | |
| 330 | @a本书不厌其烦地将居室的装修装饰中许许多多细节都从风水的角度一一诠释,旨在使人们认识到每个人赖以安身立命的家宅,攸关着自己的健康和事业。 | |
| 606 | 0 | @a住宅@Azhu zhai@x室内装饰@x风水@y中国 |
| 690 | @aTU767@v4 | |
| 701 | 0 | @a巨天中@Aju tian zhong@4编著 |
| 801 | 0 | @aCN@bQSSK@c20080229 |
| 905 | @b282051-53@dTU767@eJ952@f3 | |
| 家装风水宜忌/巨天中编著.-北京:中国建材工业出版社,2006.09 |
| 315页:图;21cm |
| ISBN 978-7-80159-928-5:CNY22.00 |
| 本书不厌其烦地将居室的装修装饰中许许多多细节都从风水的角度一一诠释,旨在使人们认识到每个人赖以安身立命的家宅,攸关着自己的健康和事业。 |
| ● |
| 相关链接 |
|
|
|
正题名:家装风水宜忌
索取号:TU767/J952
 
预约/预借
| 序号 | 登录号 | 条形码 | 馆藏地/架位号 | 状态 | 备注 |
| 1 | 282051 | 202820518 | 建筑库201/ [索取号:TU767/J952] | 在馆 | |
| 2 | 282052 | 202820527 | 建筑库201/201建筑库 75排1列4层/ [索取号:TU767/J952] | 在馆 | |
| 3 | 282053 | 202820536 | 建筑库201/201建筑库 75排1列4层/ [索取号:TU767/J952] | 在馆 |